| 000 | 00673nam a22002177a 4500 | ||
|---|---|---|---|
| 999 |
_c10877 _d10877 |
||
| 003 | AR-CdUCM | ||
| 008 | 190402b ||||| |||| 00| 0 spa d | ||
| 040 |
_aMUNICIPALIDAD PROVINCIAL DEL CUSCO _cBIBLIOTECA MUNICIPAL DEL CUSCO |
||
| 082 |
_aC / 869.58 / _bC34 |
||
| 100 |
_aCastillo M., Daniel E. _927930 |
||
| 245 |
_aEl otro accidente de transito : _brelato de ambiente Puneño) / |
||
| 260 |
_aCusco : _bGarcilaso, _c1963. |
||
| 300 |
_a26 páginas ; _c24 cm. |
||
| 505 | _aContenido: Narrativa. | ||
| 650 |
_aLiteratura Peruana _9132 |
||
| 650 |
_aSiglo XX _98 |
||
| 650 |
_aPuno _93897 |
||
| 650 |
_aRelato _9294 |
||
| 942 |
_2ddc _cLIBROS |
||
| 945 |
_aacv _d2019-04-10 |
||